Luces y sombras : el sueño de la razón en Occidente /

Revisión de la historia de las ideas de Occidente, cuyos autores examinan el pensamiento occidental desde la filosofía clásica hasta las crisis de los siglos XIX y XX. Escrita tanto para el estudiante como para el curioso que siente afición por la historia de la cultura en la que, para bien o mal, v...

Deskribapen osoa

Gorde:
Xehetasun bibliografikoak
Egile nagusia: García González, Magdalena (autor)
Beste egile batzuk: García Moriyón, Félix (autor) (autor), Pedrero Sancho, Ignacio (autor) (autor)
Formatua: Liburua
Hizkuntza:gaztelania
Argitaratua: Madrid, España : Ediciones de la Torre, 1995, c1995
Edizioa:2a edición
Saila:(Proyecto Didáctico Quirón ; Programa Filosofía para Niños) 62.
Gaiak:
Etiketak: Etiketa erantsi
Etiketarik gabe, Izan zaitez lehena erregistro honi etiketa jartzen!

MARC

LEADER 00000nam^a2200000^a^4500
001 000136696
005 20250521000000.0
009 20260310095326.49
020 |a 84-7960-117-5 
037 |a Acervo ITESO - Biblioteca 
041 |a ESP 
082 |a 370. 11  |b GAR V. 1 
100 |a García González, Magdalena  |e (autor) 
240 1 1 |a [Luces y sombras: el sueño de la razón en Occidente] 
245 1 0 |a Luces y sombras :  |b el sueño de la razón en Occidente /  |c M. García González, F. García Moriyón, I. Pedrero Sancho. 
250 |a 2a edición 
264 4 |a Madrid, España :  |b Ediciones de la Torre,  |c 1995, c1995 
300 |a 254 p. 
336 |a texto  |b txt  |2 rdacontenido 
337 |a sin mediación  |b n  |2 rdamedio 
338 |a volumen  |b nc  |2 rdasoporte 
440 1 |a (Proyecto Didáctico Quirón ;  |v 62.  |p Programa Filosofía para Niños) 
520 |a Revisión de la historia de las ideas de Occidente, cuyos autores examinan el pensamiento occidental desde la filosofía clásica hasta las crisis de los siglos XIX y XX. Escrita tanto para el estudiante como para el curioso que siente afición por la historia de la cultura en la que, para bien o mal, vive, la obra puede ser vista también como un apoyo para la propuesta educativa llamada filosofía para niños, que Matthew Lipman ha desarrolllado a partir de 1969. Complementa la obra un segundo tomo, titulado Investigación histórica: manual para la enseñanza de la historia de la filosofía. 
649 |a XX 
650 |a Finalidades de la Educación 
650 |a Educación Media Superior 
650 |a Psicología Cognitiva 
650 |a Psicología Educativa 
650 |a Libros 
650 |a Apoyos Didácticos 
650 |a Proceso Educativo 
650 |a Filosofía -  |x Historia y Crítica 
650 |a Filosofía -  |x Estudio y Enseñanza 
650 |a Filosofía de la Educación 
650 |a Filosofía para Niños 
650 |a Cultura -  |z Occidente -  |x Historia 
650 |a Occidente -  |x Historia 
700 |a García Moriyón, Félix  |e (autor) 
700 |a Pedrero Sancho, Ignacio  |e (autor) 
910 |a Fondo General 
920 |a Impresos - Libros 
930 |a Colección General 
905 |a 101 
901 |a 0500065545  |b IT1  |c ACC  |u 20250521 
902 |a https://opac.biblio.iteso.mx/vufind/Record/000136696